| 000 | 01422nam a2200277 i 4500 | ||
|---|---|---|---|
| 001 | 35398 | ||
| 003 | ES-MaACL | ||
| 005 | 20240121114415.0 | ||
| 008 | 211221s2003 sp a 001 0 spa | ||
| 080 | _a336.747.1(460)"1936/39" | ||
| 245 | 0 | 0 |
_aBilletes de la guerra civil, 1936-1939 : _buna colección única y valiosa / _c[obra creada por Servicios Documentales, Filatélicos y Numismáticos, S.A. ; dirección y diseño, Jorge Marín de la Salud]. |
| 260 |
_aMadrid : _bDiario El País, _c[2003] |
||
| 300 |
_a71 p. : _bprincipalmente il. col. ; _c31 cm. |
||
| 594 | _aEn port.: "Una selección exclusiva de 48 billetes históricos en series limitadas y numeradas"; "Una colección reproducida e impresa por la Real Casa de la Moneda-Fábrica Nacional de Moneda y Timbre" | ||
| 650 | 4 |
_aBilletes de banco- _zEspaña- _y1936-1939. _9173884 |
|
| 700 | 1 |
_aMarín de la Salud, Jorge. _9173885 |
|
| 710 | 2 |
_aServicios Documentales, Filatélicos y Numismáticos, S. A. _9173886 |
|
| 710 | 2 |
_aReal Casa de la Moneda (Madrid) _9173888 |
|
| 710 | 2 |
_aFábrica Nacional de Moneda y Timbre (España) _9157039 |
|
| 710 | 2 |
_aEdiciones El País. _9173887 |
|
| 852 | 4 |
_aES-MaACL _jA-14802 _z Encuadernación en cartoné _936693 _bR.152087 _cDEPO1 _dOlim: N-7802 _hDonación: Manuela Sánchez |
|
| 903 |
_9234238 _aSánchez, Manuela _ednr |
||
| 942 |
_2udc _cMONOGRAFIA |
||
| 999 |
_c35398 _d35398 |
||